[Event "I mi?dzynarodowy turniej szachowy"]
[Site "Jastrzebie-Zdroj"]
[Date "2018.08.18"]
[Round "1.1"]
[White "Molenda, Marcin"]
[Black "Kozubek, Krystian"]
[Result "1-0"]
[BlackElo "1520"]
[WhiteElo "2379"]
[LiveChessVersion "1.4.8"]

1. d4 {[%clk 1:30:56]} d5 {[%clk 1:28:26]} 2. c4 {[%clk 1:31:20]} dxc4
{[%clk 1:27:38]} 3. e3 {[%clk 1:31:44]} e5 {[%clk 1:26:05]} 4. Bxc4
{[%clk 1:32:06]} exd4 {[%clk 1:24:29]} 5. exd4 {[%clk 1:32:31]} c6
{[%clk 1:22:52]} 6. Nf3 {[%clk 1:32:01]} Bb4+ {[%clk 1:15:27]} 7. Nc3
{[%clk 1:31:31]} Bg4 {[%clk 1:14:02]} 8. Bxf7+ {[%clk 1:31:13]} Kf8
{[%clk 1:01:42]} 9. Bc4 {[%clk 1:28:33]} Qf6 {[%clk 0:57:19]} 10. Be2
{[%clk 1:28:11]} h6 {[%clk 0:56:31]} 11. O-O {[%clk 1:26:49]} Bxc3
{[%clk 0:55:48]} 12. bxc3 {[%clk 1:27:13]} Nd7 {[%clk 0:55:34]} 13. Rb1
{[%clk 1:26:28]} b6 {[%clk 0:51:26]} 14. c4 {[%clk 1:26:40]} Ne7 {[%clk 0:47:34]}
15. Rb3 {[%clk 1:25:24]} Kg8 {[%clk 0:44:18]} 16. Bb2 {[%clk 1:25:15]} Qd6
{[%clk 0:42:37]} 17. h3 {[%clk 1:24:45]} Bh5 {[%clk 0:42:43]} 18. Ne5
{[%clk 1:18:44]} Nxe5 {[%clk 0:41:09]} 19. dxe5 {[%clk 1:17:23]} Qxd1
{[%clk 0:41:02]} 20. Bxd1 {[%clk 1:17:48]} Bf7 {[%clk 0:41:12]} 21. Be2
{[%clk 1:17:49]} Rd8 {[%clk 0:41:14]} 22. Rd3 {[%clk 1:17:16]} Rxd3
{[%clk 0:40:44]} 23. Bxd3 {[%clk 1:17:44]} Be6 {[%clk 0:40:48]} 24. f4
{[%clk 1:17:33]} g6 {[%clk 0:39:56]} 25. g4 {[%clk 1:17:49]} Rh7 {[%clk 0:39:20]}
26. f5 {[%clk 1:18:09]} Bf7 {[%clk 0:37:50]} 27. e6 {[%clk 1:18:27]} Be8
{[%clk 0:38:03]} 28. f6 {[%clk 1:18:54]} 1-0

[Event "I mi?dzynarodowy turniej szachowy"]
[Site "Jastrzebie-Zdroj"]
[Date "2018.08.18"]
[Round "1.2"]
[White "Sulkowski, Dawid"]
[Black "Bakalarz, Mietek"]
[Result "1/2-1/2"]
[BlackElo "2289"]
[WhiteElo "1511"]
[LiveChessVersion "1.4.8"]

1. e4 {[%clk 1:30:57]} c5 {[%clk 1:25:41]} 2. Nf3 {[%clk 1:31:14]} d6
{[%clk 1:24:57]} 3. d4 {[%clk 1:31:34]} cxd4 {[%clk 1:25:23]} 4. Nxd4
{[%clk 1:31:59]} Nf6 {[%clk 1:25:47]} 5. Nc3 {[%clk 1:32:19]} a6 {[%clk 1:26:10]}
6. Bg5 {[%clk 1:31:55]} Nbd7 {[%clk 1:22:23]} 7. Bc4 {[%clk 1:28:51]} e6
{[%clk 1:20:20]} 8. f4 {[%clk 1:24:44]} b5 {[%clk 1:19:27]} 9. Bb3
{[%clk 1:20:51]} Bb7 {[%clk 1:18:36]} 10. a3 {[%clk 1:16:09]} Nc5
{[%clk 1:10:31]} 11. Qe2 {[%clk 1:12:53]} h6 {[%clk 1:03:52]} 12. Bh4
{[%clk 1:10:48]} g5 {[%clk 0:52:34]} 13. fxg5 {[%clk 1:06:28]} Nfxe4
{[%clk 0:36:10]} 14. Nxe4 {[%clk 1:05:51]} Nxe4 {[%clk 0:32:21]} 15. Qh5
{[%clk 1:01:23]} hxg5 {[%clk 0:14:55]} 16. Qxh8 {[%clk 0:59:48]} gxh4
{[%clk 0:15:19]} 17. Rf1 {[%clk 0:47:07]} Qe7 {[%clk 0:07:12]} 18. Qh5
{[%clk 0:38:48]} Ng5 {[%clk 0:05:00]} 19. O-O-O {[%clk 0:36:03]} O-O-O
{[%clk 0:05:15]} 20. Qxh4 {[%clk 0:35:34]} Bg7 {[%clk 0:02:41]} 1/2-1/2

[Event "I mi?dzynarodowy turniej szachowy"]
[Site "Jastrzebie-Zdroj"]
[Date "2018.08.18"]
[Round "1.3"]
[White "Poley, Vladimir"]
[Black "Sieber, Bohumil"]
[Result "1-0"]
[BlackElo "1507"]
[WhiteElo "2257"]
[LiveChessVersion "1.4.8"]

1. Nf3 {[%clk 1:30:57]} d5 {[%clk 1:28:45]} 2. b3 {[%clk 1:31:06]} Nc6
{[%clk 1:28:48]} 3. Bb2 {[%clk 1:31:29]} f6 {[%clk 1:28:17]} 4. d4
{[%clk 1:31:24]} Bg4 {[%clk 1:28:03]} 5. h3 {[%clk 1:30:23]} Bxf3
{[%clk 1:28:14]} 6. exf3 {[%clk 1:30:46]} a6 {[%clk 1:28:05]} 7. f4
{[%clk 1:29:38]} e6 {[%clk 1:27:36]} 8. g3 {[%clk 1:29:07]} Bd6 {[%clk 1:27:32]}
9. Bg2 {[%clk 1:29:17]} Nge7 {[%clk 1:27:35]} 10. O-O {[%clk 1:29:09]} O-O
{[%clk 1:27:54]} 11. Qe2 {[%clk 1:28:50]} Qd7 {[%clk 1:27:48]} 12. Re1
{[%clk 1:29:08]} Nd8 {[%clk 1:28:09]} 13. c4 {[%clk 1:27:47]} c6 {[%clk 1:26:48]}
14. Nc3 {[%clk 1:23:04]} b6 {[%clk 1:24:37]} 15. c5 {[%clk 1:20:01]} bxc5
{[%clk 1:24:23]} 16. Na4 {[%clk 1:20:17]} Nc8 {[%clk 1:23:08]} 17. Nxc5
{[%clk 1:14:36]} Bxc5 {[%clk 1:23:05]} 18. dxc5 {[%clk 1:15:01]} Qb7
{[%clk 1:21:18]} 19. Rad1 {[%clk 1:14:08]} Qb5 {[%clk 1:21:08]} 20. Qc2
{[%clk 1:14:13]} Ra7 {[%clk 1:19:02]} 21. Rd4 {[%clk 1:13:05]} Ne7
{[%clk 1:17:10]} 22. Ra4 {[%clk 1:12:40]} Qb8 {[%clk 1:16:25]} 23. Bf1
{[%clk 1:11:40]} Qc8 {[%clk 1:16:14]} 24. Bc3 {[%clk 1:09:41]} Nb7
{[%clk 1:15:26]} 25. Rxa6 {[%clk 1:09:21]} Rxa6 {[%clk 1:13:59]} 26. Bxa6
{[%clk 1:09:45]} Qa8 {[%clk 1:14:07]} 27. Bxb7 {[%clk 1:10:04]} Qxb7
{[%clk 1:14:31]} 28. Qe2 {[%clk 1:09:08]} Rf7 {[%clk 1:11:02]} 29. Qxe6
{[%clk 1:08:32]} Ng6 {[%clk 1:11:22]} 30. Qd6 {[%clk 1:04:17]} Qd7
{[%clk 1:11:07]} 31. Re6 {[%clk 1:02:49]} Qxd6 {[%clk 1:09:50]} 32. Rxd6
{[%clk 1:03:06]} Rc7 {[%clk 1:10:11]} 33. a4 {[%clk 1:02:24]} Kf7
{[%clk 1:09:49]} 34. Ba5 {[%clk 1:01:54]} Rc8 {[%clk 1:10:03]} 35. Rd7+
{[%clk 1:01:28]} Ne7 {[%clk 1:09:46]} 36. Bd8 {[%clk 1:01:42]} Ke8
{[%clk 1:10:01]} 37. Rxe7+ {[%clk 1:02:03]} Kxd8 {[%clk 1:10:08]} 38. Rxg7
{[%clk 1:02:25]} Rc7 {[%clk 1:10:30]} 39. Rg8+ {[%clk 1:02:18]} Kd7
{[%clk 1:10:50]} 40. f5 {[%clk 1:02:23]} Rb7 {[%clk 1:10:51]} 41. a5
{[%clk 1:02:32]} Rxb3 {[%clk 1:10:50]} 42. a6 {[%clk 1:02:56]} Ra3
{[%clk 1:10:45]} 43. a7 {[%clk 1:03:21]} 1-0

[Event "I mi?dzynarodowy turniej szachowy"]
[Site "Jastrzebie-Zdroj"]
[Date "2018.08.18"]
[Round "1.4"]
[White "Piechota, Kamil"]
[Black "Czerw, Dawid"]
[Result "0-1"]
[BlackElo "2254"]
[WhiteElo "1505"]
[LiveChessVersion "1.4.8"]

1. e4 {[%clk 1:30:51]} c5 {[%clk 1:30:55]} 2. c3 {[%clk 1:30:55]} d5
{[%clk 1:30:46]} 3. exd5 {[%clk 1:30:38]} Qxd5 {[%clk 1:30:56]} 4. d4
{[%clk 1:30:57]} Nc6 {[%clk 1:30:53]} 5. Nf3 {[%clk 1:31:17]} Bg4
{[%clk 1:30:44]} 6. Be2 {[%clk 1:31:21]} e6 {[%clk 1:30:52]} 7. h3
{[%clk 1:31:44]} Bh5 {[%clk 1:31:14]} 8. O-O {[%clk 1:31:55]} Nf6
{[%clk 1:27:46]} 9. Be3 {[%clk 1:32:15]} cxd4 {[%clk 1:27:36]} 10. cxd4
{[%clk 1:31:57]} Be7 {[%clk 1:26:13]} 11. Nc3 {[%clk 1:32:18]} Qd6
{[%clk 1:25:11]} 12. Qb3 {[%clk 1:29:32]} O-O {[%clk 1:22:23]} 13. a3
{[%clk 1:29:40]} Rfd8 {[%clk 1:17:24]} 14. Rfd1 {[%clk 1:29:50]} a6
{[%clk 1:12:17]} 15. Rac1 {[%clk 1:28:51]} b5 {[%clk 1:08:58]} 16. g4
{[%clk 1:26:26]} Bg6 {[%clk 1:07:48]} 17. g5 {[%clk 1:23:19]} Ne4
{[%clk 1:02:09]} 18. d5 {[%clk 1:21:05]} Na5 {[%clk 0:57:31]} 19. Qa2
{[%clk 1:20:54]} Nxc3 {[%clk 0:50:24]} 20. Rxc3 {[%clk 1:21:04]} Nc4
{[%clk 0:45:27]} 21. Bxc4 {[%clk 1:19:55]} bxc4 {[%clk 0:45:49]} 22. Rxc4
{[%clk 1:17:57]} exd5 {[%clk 0:42:34]} 23. Rcd4 {[%clk 1:14:46]} Qe6
{[%clk 0:42:03]} 24. Rxd5 {[%clk 1:10:12]} Re8 {[%clk 0:37:35]} 25. Nd4
{[%clk 1:00:06]} Qxh3 26. Nc6 {[%clk 0:59:49]} Be4 {[%clk 0:36:41]} 27. Nxe7+
{[%clk 0:59:27]} Rxe7 {[%clk 0:36:44]} 28. Rd8+ {[%clk 0:59:04]} Re8
{[%clk 0:37:11]} 29. Rxe8+ {[%clk 0:58:46]} Rxe8 {[%clk 0:37:38]} 30. f3
{[%clk 0:58:50]} Bxf3 {[%clk 0:37:54]} 31. Rd2 {[%clk 0:59:14]} Qh1+
{[%clk 0:38:13]} 0-1

[Event "I mi?dzynarodowy turniej szachowy"]
[Site "Jastrzebie-Zdroj"]
[Date "2018.08.18"]
[Round "1.5"]
[White "Tymrakiewicz, Rafal"]
[Black "Kijonka, Ondrej"]
[Result "1-0"]
[BlackElo "1490"]
[WhiteElo "2192"]
[LiveChessVersion "1.4.8"]

1. d4 {[%clk 1:30:55]} d5 {[%clk 1:30:38]} 2. Bf4 {[%clk 1:30:55]} Nf6
{[%clk 1:30:29]} 3. e3 {[%clk 1:31:17]} e6 {[%clk 1:30:40]} 4. Nd2
{[%clk 1:31:30]} Bd6 {[%clk 1:30:38]} 5. Bg3 {[%clk 1:31:34]} Bxg3
{[%clk 1:27:07]} 6. hxg3 {[%clk 1:31:56]} Nbd7 {[%clk 1:27:12]} 7. f4
{[%clk 1:23:53]} O-O {[%clk 1:18:35]} 8. Bd3 {[%clk 1:22:06]} Re8
{[%clk 1:17:18]} 9. Ngf3 {[%clk 1:18:42]} Nf8 {[%clk 1:15:34]} 10. Ne5
{[%clk 1:16:17]} c6 {[%clk 1:13:30]} 11. g4 {[%clk 1:12:26]} N6d7
{[%clk 1:07:35]} 12. Nxd7 {[%clk 1:09:13]} Bxd7 {[%clk 1:08:03]} 13. g5
{[%clk 1:09:21]} g6 {[%clk 0:59:40]} 14. Nf3 {[%clk 1:09:05]} Qa5+
{[%clk 0:56:40]} 15. c3 {[%clk 1:07:31]} c5 {[%clk 0:54:39]} 16. Qe2
{[%clk 1:07:20]} cxd4 {[%clk 0:49:58]} 17. exd4 {[%clk 1:07:32]} Qc7
{[%clk 0:50:21]} 18. Ne5 {[%clk 1:06:42]} Re7 {[%clk 0:43:02]} 19. g3
{[%clk 1:06:15]} a6 {[%clk 0:40:07]} 20. Ng4 {[%clk 0:59:28]} e5 {[%clk 0:31:31]}
21. Nf6+ {[%clk 0:58:19]} Kg7 {[%clk 0:28:57]} 22. fxe5 {[%clk 0:57:04]} Rc8
{[%clk 0:27:43]} 23. Rh6 {[%clk 0:54:18]} Bc6 {[%clk 0:23:18]} 24. O-O-O
{[%clk 0:53:31]} Qa5 {[%clk 0:21:58]} 25. Qh2 {[%clk 0:52:41]} 1-0

[Event "I mi?dzynarodowy turniej szachowy"]
[Site "Jastrzebie-Zdroj"]
[Date "2018.08.18"]
[Round "1.6"]
[White "Sustek, Adam"]
[Black "Smolka, Marcin"]
[Result "0-1"]
[BlackElo "2170"]
[WhiteElo "1472"]
[LiveChessVersion "1.4.8"]

1. e4 {[%clk 1:30:54]} e5 {[%clk 1:30:54]} 2. Nf3 {[%clk 1:31:19]} Nc6
{[%clk 1:31:20]} 3. Bc4 {[%clk 1:31:32]} Nf6 {[%clk 1:31:44]} 4. d3
{[%clk 1:31:52]} Bc5 {[%clk 1:32:04]} 5. c3 {[%clk 1:32:11]} d6 {[%clk 1:32:17]}
6. O-O {[%clk 1:32:08]} Bb6 {[%clk 1:32:09]} 7. h3 {[%clk 1:29:31]} h6
{[%clk 1:32:06]} 8. Nbd2 {[%clk 1:29:39]} O-O {[%clk 1:31:58]} 9. Re1
{[%clk 1:29:36]} a6 {[%clk 1:31:53]} 10. Nf1 {[%clk 1:29:01]} Na5
{[%clk 1:30:44]} 11. Bb3 {[%clk 1:27:42]} Nxb3 {[%clk 1:31:01]} 12. Qxb3
{[%clk 1:27:08]} Nh5 {[%clk 1:21:20]} 13. Qd1 {[%clk 1:24:08]} Qf6
{[%clk 1:18:01]} 14. Ne3 {[%clk 1:16:26]} c6 {[%clk 1:13:10]} 15. Nxe5
{[%clk 1:00:14]} Qxe5 {[%clk 0:53:25]} 16. d4 {[%clk 0:56:06]} Qxe4
{[%clk 0:52:01]} 17. Qxh5 {[%clk 0:48:40]} Be6 {[%clk 0:46:49]} 18. Bd2
{[%clk 0:44:47]} Qd3 {[%clk 0:38:50]} 19. Qe2 {[%clk 0:41:24]} Qg6
{[%clk 0:36:21]} 20. Kf1 {[%clk 0:39:43]} Rae8 {[%clk 0:34:23]} 21. Qf3
{[%clk 0:35:19]} f5 {[%clk 0:29:37]} 22. g3 {[%clk 0:26:27]} f4 {[%clk 0:27:53]}
23. gxf4 {[%clk 0:23:05]} Qd3+ {[%clk 0:28:13]} 24. Qe2 {[%clk 0:11:58]} Bxh3+
{[%clk 0:28:23]} 25. Kg1 {[%clk 0:12:10]} Qe4 {[%clk 0:21:09]} 26. Qh5
{[%clk 0:07:11]} Qxf4 {[%clk 0:19:43]} 27. Qxh3 {[%clk 0:01:17]} Qxf2+
{[%clk 0:20:06]} 28. Kh1 {[%clk 0:01:42]} Qxd2 {[%clk 0:20:29]} 29. Qg3
{[%clk 0:00:38]} Qf2 {[%clk 0:19:45]} 30. Qxf2 {[%clk 0:00:32]} Rxf2
{[%clk 0:20:09]} 31. Nc4 {[%clk 0:00:34]} Rxe1+ {[%clk 0:20:27]} 32. Rxe1
{[%clk 0:01:03]} Bc7 {[%clk 0:20:50]} 33. Re7 {[%clk 0:00:32]} Rf7
{[%clk 0:21:13]} 34. Re6 {[%clk 0:00:36]} d5 {[%clk 0:21:18]} 35. Nd6
{[%clk 0:00:33]} Bxd6 {[%clk 0:20:26]} 36. Rxd6 {[%clk 0:01:01]} Rf2
{[%clk 0:20:50]} 37. b3 {[%clk 0:00:38]} Rxa2 {[%clk 0:21:13]} 38. Rd7
{[%clk 0:00:37]} b5 {[%clk 0:20:55]} 39. Rc7 {[%clk 0:00:32]} a5 {[%clk 0:20:43]}
40. Rxc6 {[%clk 0:00:40]} a4 {[%clk 0:21:09]} 41. bxa4 {[%clk 0:00:49]} bxa4
{[%clk 0:21:35]} 42. Ra6 {[%clk 0:00:50]} a3 {[%clk 0:22:01]} 43. Ra5
{[%clk 0:00:32]} Kf7 {[%clk 0:22:13]} 44. Rxd5 {[%clk 0:00:33]} Rb2
{[%clk 0:22:38]} 0-1

[Event "I mi?dzynarodowy turniej szachowy"]
[Site "Jastrzebie-Zdroj"]
[Date "2018.08.18"]
[Round "1.7"]
[White "Helis, Tadeusz"]
[Black "Szymanski, Wojciech"]
[Result "1-0"]
[BlackElo "1469"]
[WhiteElo "2166"]
[LiveChessVersion "1.4.8"]

1. d4 {[%clk 1:30:55]} d5 {[%clk 1:30:44]} 2. Nf3 {[%clk 1:31:20]} Nf6
{[%clk 1:30:03]} 3. Bg5 {[%clk 1:30:51]} e6 {[%clk 1:25:32]} 4. e3
{[%clk 1:31:11]} c5 {[%clk 1:25:39]} 5. c3 {[%clk 1:31:33]} Nc6 {[%clk 1:24:57]}
6. Nbd2 {[%clk 1:31:57]} Be7 {[%clk 1:22:28]} 7. Bd3 {[%clk 1:30:22]} Qc7
{[%clk 1:20:55]} 8. O-O {[%clk 1:28:26]} e5 {[%clk 1:12:38]} 9. Nxe5
{[%clk 1:26:18]} Nxe5 {[%clk 1:10:38]} 10. dxe5 {[%clk 1:24:24]} Qxe5
{[%clk 1:09:34]} 11. Bb5+ {[%clk 1:20:02]} Bd7 {[%clk 1:03:47]} 12. Bxd7+
{[%clk 1:19:46]} Nxd7 {[%clk 1:03:34]} 13. Nf3 {[%clk 1:20:12]} Qe6
{[%clk 1:01:36]} 14. Bxe7 {[%clk 1:20:30]} Kxe7 {[%clk 0:59:54]} 15. e4
{[%clk 1:18:31]} Rhe8 {[%clk 0:51:02]} 16. exd5 {[%clk 1:18:21]} Qf6
{[%clk 0:50:32]} 17. Qa4 {[%clk 1:12:03]} Kd6 {[%clk 0:45:46]} 18. c4
{[%clk 1:08:12]} Re2 {[%clk 0:37:29]} 19. b4 {[%clk 1:08:25]} a6 {[%clk 0:36:56]}
20. Rab1 {[%clk 1:08:19]} Rb2 {[%clk 0:34:46]} 21. bxc5+ {[%clk 1:08:36]} Nxc5
{[%clk 0:34:29]} 22. Qa3 {[%clk 1:08:53]} Rxb1 {[%clk 0:31:10]} 23. Rxb1
{[%clk 1:09:19]} Rb8 {[%clk 0:31:27]} 24. Rb6+ {[%clk 1:09:37]} 1-0

[Event "I mi?dzynarodowy turniej szachowy"]
[Site "Jastrzebie-Zdroj"]
[Date "2018.08.18"]
[Round "1.8"]
[White "Palczert, Hajnalka"]
[Black "Raszka, Janusz"]
[Result "0-1"]
[BlackElo "2140"]
[WhiteElo "1451"]
[LiveChessVersion "1.4.8"]

1. Nf3 {[%clk 1:30:44]} Nf6 {[%clk 1:30:45]} 2. g3 {[%clk 1:29:44]} c5
{[%clk 1:30:34]} 3. Bg2 {[%clk 1:29:49]} Nc6 {[%clk 1:30:42]} 4. O-O
{[%clk 1:29:04]} e5 {[%clk 1:30:24]} 5. e3 {[%clk 1:28:10]} d5 {[%clk 1:24:38]}
6. d4 {[%clk 1:26:21]} e4 {[%clk 1:24:14]} 7. Ne1 {[%clk 1:24:56]} Bg4
{[%clk 1:22:36]} 8. f3 {[%clk 1:24:16]} Be6 {[%clk 1:22:35]} 9. b3
{[%clk 1:22:26]} h5 {[%clk 1:21:00]} 10. Bb2 {[%clk 1:21:38]} h4 {[%clk 1:21:10]}
11. Nd2 {[%clk 1:20:10]} hxg3 {[%clk 1:19:18]} 12. hxg3 {[%clk 1:19:33]} cxd4
{[%clk 1:18:04]} 13. exd4 {[%clk 1:17:38]} Qc7 {[%clk 1:16:31]} 14. f4
{[%clk 1:12:39]} Bg4 {[%clk 1:16:34]} 15. Qc1 {[%clk 1:06:30]} Qb6
{[%clk 1:15:00]} 16. c3 {[%clk 1:04:41]} Nh5 {[%clk 1:15:11]} 17. Kf2
{[%clk 1:03:58]} g5 {[%clk 1:14:35]} 18. Nb1 {[%clk 0:56:33]} gxf4
{[%clk 1:14:32]} 19. gxf4 {[%clk 0:56:32]} Bd6 {[%clk 1:14:27]} 20. Rh1
{[%clk 0:54:44]} O-O-O {[%clk 1:14:19]} 21. Nc2 {[%clk 0:53:28]} Bxf4
{[%clk 1:14:17]} 22. Ne3 {[%clk 0:52:58]} Ne7 {[%clk 1:14:05]} 23. c4
{[%clk 0:47:46]} Qf6 {[%clk 1:14:16]} 24. Ke1 {[%clk 0:45:18]} Qg5
{[%clk 1:12:52]} 25. cxd5+ {[%clk 0:44:17]} Kb8 {[%clk 1:13:08]} 26. d6
{[%clk 0:43:05]} Rxd6 {[%clk 1:13:15]} 27. Qc5 {[%clk 0:41:40]} Bg3+
{[%clk 1:12:31]} 28. Kf1 {[%clk 0:34:28]} Qf4+ {[%clk 1:12:02]} 0-1

[Event "I mi?dzynarodowy turniej szachowy"]
[Site "Jastrzebie-Zdroj"]
[Date "2018.08.18"]
[Round "1.9"]
[White "Berlin, Tatiana"]
[Black "Borkowski, Maciej"]
[Result "1-0"]
[BlackElo "1447"]
[WhiteElo "2138"]
[LiveChessVersion "1.4.8"]

1. e4 {[%clk 1:30:58]} Nf6 {[%clk 1:30:42]} 2. e5 {[%clk 1:31:17]} Nd5
{[%clk 1:31:01]} 3. d4 {[%clk 1:31:01]} d6 {[%clk 1:31:13]} 4. Bc4
{[%clk 1:29:52]} Nb6 {[%clk 1:30:45]} 5. Bb3 {[%clk 1:30:05]} Nc6
{[%clk 1:29:55]} 6. e6 {[%clk 1:29:30]} fxe6 {[%clk 1:28:45]} 7. Nf3
{[%clk 1:29:39]} g6 {[%clk 1:25:06]} 8. Ng5 {[%clk 1:28:29]} d5 {[%clk 1:23:59]}
9. Qf3 {[%clk 1:27:52]} Nxd4 {[%clk 1:21:51]} 10. Qf7+ {[%clk 1:27:00]} Kd7
{[%clk 1:21:49]} 11. c3 {[%clk 1:22:57]} Nxb3 {[%clk 1:17:29]} 12. Qxe6+
{[%clk 1:23:09]} Ke8 {[%clk 1:17:30]} 13. Qf7+ {[%clk 1:23:36]} Kd7
{[%clk 1:17:40]} 14. axb3 {[%clk 1:23:41]} Kc6 {[%clk 1:13:43]} 15. O-O
{[%clk 1:18:05]} e5 {[%clk 1:11:15]} 16. c4 {[%clk 1:15:35]} Bd6 {[%clk 1:02:01]}
17. Nc3 {[%clk 1:14:20]} Qg8 {[%clk 0:59:48]} 18. cxd5+ {[%clk 1:11:24]} Nxd5
{[%clk 0:59:40]} 19. Qf3 {[%clk 1:10:41]} Be6 {[%clk 0:55:00]} 20. Rd1
{[%clk 1:09:32]} Rf8 {[%clk 0:51:15]} 21. Qe4 {[%clk 1:09:05]} Bc5
{[%clk 0:45:53]} 22. Qa4+ {[%clk 1:07:48]} Kd6 {[%clk 0:44:11]} 23. Nce4+
{[%clk 1:08:01]} Ke7 {[%clk 0:44:20]} 24. Nxc5 {[%clk 1:08:21]} Nb6
{[%clk 0:43:23]} 25. Qb4 {[%clk 1:07:15]} 1-0

[Event "I mi?dzynarodowy turniej szachowy"]
[Site "Jastrzebie-Zdroj"]
[Date "2018.08.18"]
[Round "1.10"]
[White "Miskowiec, Stanislaw"]
[Black "Pilch, Roman"]
[Result "0-1"]
[BlackElo "2129"]
[WhiteElo "1368"]
[LiveChessVersion "1.4.8"]

1. e4 c5 {[%clk 1:30:49]} 2. Bc4 {[%clk 1:27:44]} Nc6 {[%clk 1:30:57]} 3. Qf3
{[%clk 1:27:53]} Ne5 {[%clk 1:29:57]} 4. Qc3 {[%clk 1:27:52]} Nxc4
{[%clk 1:30:06]} 5. Qxc4 {[%clk 1:28:05]} d6 {[%clk 1:28:48]} 6. Nf3
{[%clk 1:28:00]} e6 {[%clk 1:26:56]} 7. O-O {[%clk 1:27:55]} Be7 {[%clk 1:26:49]}
8. d4 {[%clk 1:27:43]} cxd4 {[%clk 1:26:07]} 9. Qxd4 {[%clk 1:27:35]} e5
{[%clk 1:18:48]} 10. Qc3 {[%clk 1:27:16]} Be6 {[%clk 1:18:08]} 11. Na3
{[%clk 1:26:45]} Nf6 {[%clk 1:15:42]} 12. Re1 {[%clk 1:26:40]} h6
{[%clk 1:14:22]} 13. Bd2 {[%clk 1:25:56]} O-O {[%clk 1:14:03]} 14. Rad1
{[%clk 1:25:58]} Rc8 {[%clk 1:11:46]} 15. Qd3 {[%clk 1:25:19]} a6
{[%clk 1:08:54]} 16. Bb4 {[%clk 1:25:13]} Qb6 {[%clk 1:04:41]} 17. Bxd6
{[%clk 1:24:47]} Rfd8 {[%clk 1:02:58]} 18. Bxe7 {[%clk 1:22:51]} Rxd3
{[%clk 1:03:19]} 19. Rxd3 {[%clk 1:22:45]} Ng4 {[%clk 0:59:39]} 20. Rf1
{[%clk 1:22:51]} Qxb2 {[%clk 0:57:08]} 21. h3 {[%clk 1:23:11]} Nf6
{[%clk 0:56:57]} 22. Rb1 {[%clk 1:23:08]} Qxa2 {[%clk 0:56:32]} 23. Nxe5
{[%clk 1:22:47]} Nxe4 {[%clk 0:54:43]} 24. Rbd1 {[%clk 1:22:40]} Kh7
{[%clk 0:53:25]} 25. f3 {[%clk 1:23:00]} Nc3 {[%clk 0:48:57]} 26. Bb4
{[%clk 1:22:17]} Nxd1 {[%clk 0:47:42]} 27. Rxd1 {[%clk 1:22:33]} a5
{[%clk 0:47:21]} 28. Be7 {[%clk 1:22:52]} Re8 {[%clk 0:47:30]} 29. Bc5
{[%clk 1:22:48]} b6 {[%clk 0:47:43]} 30. Bd6 {[%clk 1:23:10]} Rd8
{[%clk 0:48:02]} 31. Nac4 {[%clk 1:23:19]} Bxc4 {[%clk 0:48:05]} 32. f4
{[%clk 1:23:19]} Qxc2 {[%clk 0:48:13]} 33. Rd4 {[%clk 1:22:42]} Qc1+
{[%clk 0:48:22]} 34. Kh2 {[%clk 1:23:06]} b5 {[%clk 0:48:14]} 35. g4
{[%clk 1:23:18]} Rxd6 {[%clk 0:48:33]} 36. Rxd6 {[%clk 1:23:41]} Qxf4+
{[%clk 0:48:59]} 37. Kg2 {[%clk 1:24:04]} Qxe5 {[%clk 0:49:22]} 38. Rd2
{[%clk 1:24:09]} Bd5+ {[%clk 0:49:40]} 39. Kf2 {[%clk 1:24:26]} a4
{[%clk 0:49:52]} 40. h4 {[%clk 1:24:48]} b4 {[%clk 0:50:01]} 41. g5
{[%clk 1:25:11]} a3 {[%clk 0:50:15]} 42. gxh6 {[%clk 1:25:36]} gxh6
{[%clk 0:50:37]} 43. Rxd5 {[%clk 1:25:50]} Qxd5 {[%clk 0:51:02]} 44. Kg3
{[%clk 1:26:16]} a2 {[%clk 0:51:23]} 45. Kf4 {[%clk 1:26:42]} a1=Q
{[%clk 0:51:19]} 0-1

[Event "I mi?dzynarodowy turniej szachowy"]
[Site "Jastrzebie-Zdroj"]
[Date "2018.08.18"]
[Round "1.11"]
[White "Sieber, Martin"]
[Black "Kruk, Dawid"]
[Result "1-0"]
[BlackElo "1356"]
[WhiteElo "2110"]
[LiveChessVersion "1.4.8"]

1. d4 {[%clk 1:30:45]} d5 {[%clk 1:30:32]} 2. Bf4 {[%clk 1:30:54]} Nf6
{[%clk 1:27:50]} 3. e3 {[%clk 1:30:52]} Bf5 {[%clk 1:26:05]} 4. Nf3
{[%clk 1:31:02]} c6 {[%clk 1:26:28]} 5. Bd3 {[%clk 1:31:07]} Bxd3
{[%clk 1:26:06]} 6. Qxd3 {[%clk 1:31:34]} e6 {[%clk 1:25:22]} 7. Nbd2
{[%clk 1:31:57]} Bd6 {[%clk 1:24:40]} 8. Bg3 {[%clk 1:32:15]} Qc7
{[%clk 1:21:30]} 9. c3 {[%clk 1:30:43]} Nbd7 {[%clk 1:21:37]} 10. e4
{[%clk 1:30:24]} dxe4 {[%clk 1:17:12]} 11. Nxe4 {[%clk 1:30:46]} Nxe4
{[%clk 1:17:37]} 12. Qxe4 {[%clk 1:31:09]} Bxg3 {[%clk 1:17:58]} 13. hxg3
{[%clk 1:31:32]} Nf6 {[%clk 1:18:18]} 14. Qe2 {[%clk 1:30:35]} h6
{[%clk 1:10:38]} 15. a3 {[%clk 1:30:11]} Nd7 {[%clk 1:02:11]} 16. g4
{[%clk 1:25:44]} O-O-O {[%clk 1:01:47]} 17. g3 {[%clk 1:24:20]} f6
{[%clk 0:56:28]} 18. O-O-O {[%clk 1:23:23]} e5 {[%clk 0:52:03]} 19. Rhe1
{[%clk 1:23:24]} Rhe8 {[%clk 0:51:58]} 20. dxe5 {[%clk 1:22:32]} Nxe5
{[%clk 0:51:21]} 21. Rxd8+ {[%clk 1:22:10]} Qxd8 {[%clk 0:46:57]} 22. Rd1
{[%clk 1:17:09]} Qe7 {[%clk 0:45:18]} 23. Nd4 {[%clk 1:16:36]} g6
{[%clk 0:32:37]} 24. Kc2 {[%clk 1:05:42]} Nd7 {[%clk 0:28:43]} 25. Qd3
{[%clk 0:57:51]} Qe4 {[%clk 0:25:27]} 26. Qxe4 {[%clk 0:57:17]} Rxe4
{[%clk 0:25:55]} 27. Rh1 {[%clk 0:57:35]} Rxg4 {[%clk 0:17:31]} 28. Rxh6
{[%clk 0:57:44]} f5 {[%clk 0:15:07]} 29. Ne6 {[%clk 0:56:54]} b6 {[%clk 0:10:58]}
30. Rh8+ {[%clk 0:52:49]} Kb7 {[%clk 0:11:12]} 31. Rh7 {[%clk 0:52:59]} Kc8
{[%clk 0:11:16]} 32. Rg7 {[%clk 0:51:03]} a5 {[%clk 0:07:05]} 33. Nf4
{[%clk 0:50:45]} g5 {[%clk 0:05:01]} 34. Nh3 {[%clk 0:50:06]} Nc5
{[%clk 0:03:12]} 35. Rxg5 {[%clk 0:48:46]} Rxg5 {[%clk 0:03:10]} 36. Nxg5
{[%clk 0:49:10]} Kd7 {[%clk 0:03:15]} 37. b4 {[%clk 0:49:17]} axb4
{[%clk 0:03:33]} 38. axb4 {[%clk 0:49:45]} Nb7 {[%clk 0:03:34]} 39. Kd3
{[%clk 0:49:56]} Kd6 {[%clk 0:03:34]} 40. Ke3 {[%clk 0:49:56]} Ke7
{[%clk 0:03:34]} 41. Nf3 {[%clk 0:49:56]} Kf6 {[%clk 0:03:34]} 42. Kf4
{[%clk 0:49:56]} c5 {[%clk 0:03:34]} 43. Ke3 {[%clk 0:49:56]} Nd6
{[%clk 0:03:34]} 44. Nd2 {[%clk 0:49:56]} cxb4 {[%clk 0:03:34]} 45. cxb4
{[%clk 0:49:56]} Ke5 {[%clk 0:03:34]} 46. f3 {[%clk 0:49:56]} Kd5
{[%clk 0:03:34]} 47. Kd3 {[%clk 0:49:56]} b5 {[%clk 0:03:34]} 48. Nb1
{[%clk 0:49:56]} 1-0